00628nam a2200181Ia 4500008004100000082001500041100001500056245005100071250000800122260002800130300001200158500002400170650001600194942000700210952010600217952010600323999001700429230524s9999 xx 000 0 und d a5.166bSIV aJ.N.Sharma 0aNumerical Methods for Engineers and Scientists a1ST aNEW DELHIbNarosac2003 aXII;223 aQuantity Number: 2 aMathematics cBK 00104070aTATCLbTATCLcGENd2023-05-24l0o005.166 SIVp6634r2023-05-24w2023-05-24yBKzBSCM1208 00104070aTATCLbTATCLcGENd2023-05-24l0o005.166 SIVp6635r2023-05-24w2023-05-24yBKzBSCM1208 c17895d17895